Music Quiz

Random Music or Food Quiz

Find the Missing Food and Drinks in Album Titles Quiz Stats

 Plays Quiz Updated Feb 8, 2020

Support Sporcle.
Go Orange.
Score 0/20 Timer 04:00
7 Plays Today
% Correct
Bridge over Troubled WATER
91.1%
Wake Up and Smell
the COFFEE
80.4%
Sgt. PEPPER's Lonely
Hearts Club Band
79.1%
You Can Tune a Piano,
but You Can't Tuna FISH
71.4%
A CARROT Is as Close
as a Rabbit Gets
to a Diamond
66.9%
Blood SUGAR Sex Magik
63.1%
Hard CANDY
63.1%
MEAT Is Murder
61.7%
Piece of CAKE
61.7%
Daily BREAD
60.7%
% Correct
Eat a PEACH
59.8%
Goats Head SOUP
56%
The SPAGHETTI Incident?
51.6%
The CREAM of Clapton
50.9%
TEA for the Tillerman
50%
Black CHERRY
45.5%
CEREAL Killers
44.8%
One Fierce BEER Coaster
44.3%
Pablo HONEY
43.4%
Flaming PIE
34.9%

You're not logged in!

Compare scores with friends on all Sporcle quizzes.
OR
Log In
Forgot?

From the Vault

The Costa Rica Quiz

by nibperrychub

Geography 10m
Are we allowed to start making travel plans again?
Remove Ads.
Support Sporcle.
Get the best of Sporcle when you Go Orange. This ad-free experience offers more features, more stats, and more fun while also helping to support Sporcle. Thank you for becoming a member.

Show Comments

Extras

Top Quizzes Today


Score Distribution

Your Account Isn't Verified!

In order to create a playlist on Sporcle, you need to verify the email address you used during registration. Go to your Sporcle Settings to finish the process.

Report this User

Report this user for behavior that violates our Community Guidelines.

Details: